000 01116nam a2200229Ia 4500
003 Ost
005 20260507075107.0
008 260507s9999||||xx |||||||||||||| ||und||
020 _a47328977
040 _cfsecg
041 _aara
082 _a330
100 _aمبارك، صلاح الدين عبد المنعم
_eمؤلف
245 0 _aإقتصاديات نظم المعلومات المحاسبية والإدارية /
_c صلاح الدين عبد المنعم مبارك
260 _aالإسكندرية:
_bدار الجامعة الجديدة للنشر,
_c2001
300 _a418 صفحة؛
_bإيضاحات ؛
_c25 سم
520 _aدراسة مفهوم المعلومات وعلاقته بنظام المعلومات المحاسبي للمشروعات- نماذج التكلفة والمنفعة لأنظمة المعلومات المحاسبية- الإطار الشامل لتقييم أنظمة المعلومات المحاسبية.
653 _aالإدارة
653 _aالمحاسبة
653 _aنظم المعلومات- المؤسسة الممتدة
942 _cكتاب
999 _c42825
_d42825